000 00807nam a22002297a 4500
003 UA-OsUOA
001 45337
007 ta
008 20070411b un ||||| |||| 00| 0 ukr d
100 _aСоловцова Э.И.
700 _aАнурова И.В.
090 _a81
_bС-11
942 _cSA
040 _aUA-OsUOA
_brus
_cUA-OsUOA
_dUA-OsUOA
245 _aПонятие функцмональной социокультурной грамотности в курсе обучения иностранным языкам
300 _aС.17-24
955 _a0
041 _arus
080 _a81
773 0 _w45336
_tИностранные языки в школе
_dМ.
_d2007
_g2
650 7 _a8 Мовознавство. Художня література. Літературознавство
_2UDC
999 _c331438
_d331438